| 000 | 00433nam a22001457a 4500 | ||
|---|---|---|---|
| 999 |
_c2512 _d2512 |
||
| 003 | URS | ||
| 005 | 20220114142153.0 | ||
| 008 | 190523s ph |||| |||| 00| 0 eng d | ||
| 040 |
_cURS _beng _drda |
||
| 050 | 1 | 4 |
_aHV 8290 _b.G939 |
| 100 | _aGuevara | ||
| 245 | 1 | 0 |
_aIndustrial security management concepts and methods: philippine setting _bphilippine setting/ _cGuevara |
| 300 |
_a109 pages: _bwith Illustrations; _c28 cm. |
||
| 942 |
_2lcc _cF |
||